UBT Library

The Book OF Life An Illustrated History Of TheEvolution Of Life On Earth (Record no. 51287)

000 -LEADER
fixed length control field 00349nam a22001337a 4500
008 - FIXED-LENGTH DATA ELEMENTS--GENERAL INFORMATION
fixed length control field 181031b xxu||||| |||| 00| 0 eng d
020 ## - INTERNATIONAL STANDARD BOOK NUMBER
International Standard Book Number 9780393035575
041 ## - LANGUAGE CODE
Language code of text/sound track or separate title eng
080 ## - UNIVERSAL DECIMAL CLASSIFICATION NUMBER
Universal Decimal Classification number 910
100 ## - Rafti
Rafti 45
101 ## - Shkurtesa
Shkurtesa GEO
245 ## - TITLE STATEMENT
Title The Book OF Life An Illustrated History Of TheEvolution Of Life On Earth
Statement of responsibility, etc John.b
942 ## - ADDED ENTRY ELEMENTS (KOHA)
Source of classification or shelving scheme
Item type Books
Holdings
Withdrawn status Lost status Source of classification or shelving scheme Damaged status Not for loan Collection code Permanent location Current location Shelving location Date acquired Total Checkouts Full call number Barcode Date last seen Price effective from Koha item type
          Koleksioni i përgjithshem UBT - Lipjan UBT - Lipjan Koleksioni i përgjithshem 10/31/2018   910 JOH 002-3016363 10/31/2018 10/31/2018 Books
UBT Library © 2015-2024. All rights reserved University Education for Business and Technology